ბათუმის შოთა რუსთაველის სახელმწიფო უნივერსიტეტის ბიბლიოთეკა

ენგური (ბიბ.ჩანაწერი № 41718)

000 -LEADER
fixed length control field 00653nam a2200205Ia 4500
001 - CONTROL NUMBER
control field 8398
003 - CONTROL NUMBER IDENTIFIER
control field GE_BSU
008 - FIXED-LENGTH DATA ELEMENTS--GENERAL INFORMATION
fixed length control field 181216s||||||||xx |||||||||||||| ||und||
040 ## - CATALOGING SOURCE
Transcribing agency GE_BSU
245 ## - TITLE STATEMENT
Title ენგური
245 ## - TITLE STATEMENT
Remainder of title კრებული
245 ## - TITLE STATEMENT
Statement of responsibility, etc. რედ.თ.ბექიშვილი, ს.დემურხანაშვილი, მ. სოხაძე. მხატვ. ო. ჯიშკარიანი
260 ## - PUBLICATION, DISTRIBUTION, ETC.
Place of publication, distribution, etc. თბილისი
260 ## - PUBLICATION, DISTRIBUTION, ETC.
Name of publisher, distributor, etc. ნაკადული
260 ## - PUBLICATION, DISTRIBUTION, ETC.
Date of publication, distribution, etc. 1970
300 ## - PHYSICAL DESCRIPTION
Extent 176გვ.21სმ.
653 ## - INDEX TERM--UNCONTROLLED
Uncontrolled term ენგური
653 ## - INDEX TERM--UNCONTROLLED
Uncontrolled term კრებული
942 ## - ADDED ENTRY ELEMENTS (KOHA)
Koha item type წიგნი
ეგზემპლარები
Withdrawn status Lost status Damaged status Not for loan Date acquired Barcode Date last seen Price effective from Koha item type
        2018-12-17 30331 2018-12-17 2018-12-17 წიგნი
        2018-12-17 30332 2018-12-17 2018-12-17 წიგნი
        2018-12-17 30333 2018-12-17 2018-12-17 წიგნი